| 000 | 00757nam a22002297a 4500 | ||
|---|---|---|---|
| 005 | 20170124110003.0 | ||
| 010 | _aB-217075 | ||
| 020 |
_c00.00 _a9788184350159 |
||
| 035 | _aB-217075 | ||
| 037 | _bCen Lib/Ret | ||
| 040 |
_aDPL _bEN |
||
| 082 |
_a362.7 _bYAD |
||
| 100 |
_aYadav, K P _916330 |
||
| 245 |
_aTrafficking : _cby K P Yadav _ban emerging social problem / |
||
| 260 |
_aNew Delhi _bAdhyayan Publishers _c2006 |
||
| 270 |
_a4378/4 B, 105, J. M. D. House, Murari Lal Street, Ansari Road, Darya Ganj _bNew Delhi _e110059 |
||
| 300 |
_aviii,312p. _c22cm(Hb) |
||
| 500 | _aIncludes index | ||
| 650 |
_aSexually abused children--Government policy _916331 |
||
| 650 |
_aChild sexual abuse _916332 |
||
| 942 |
_2ddc _cEN _h362.7 _mYAD |
||
| 999 |
_c126022 _d126022 |
||